000 00547nam a2200193Ia 4500
005 20250326141956.0
008 250326s9999 xx 000 0 und d
020 _a81-85182-08-6
037 _aTextbook
040 _aFMSL
_beng
_cFMSL
041 _aeng
_2eng
084 _aX:97 M8
_qFMSL
100 _aKher M
_9735788
245 0 _aAlenation from work and organization : revisting theTheory
_cKher M
260 _aNew Delhi
_bNew Delhi, IUS Pub. co.
_c1988
300 _a100p
942 _cTB
_hX:97 M8
999 _c1292866
_d1292866